Разработка технологии получения их каменноугольной смолы узких фракций и индивидуальных компонентов; Получение опытных партий карбазола, фенантрена и антрацена совмещенными методами ВУХИН, а и ТПИ: Отчет о НИР; Тема: № 0212

Xehetasun bibliografikoak
Erakunde egilea: Томский политехнический институт (ТПИ)
Beste egile batzuk: Лопатинский В. П. Вадим Петрович (руководитель)
Hizkuntza:errusiera
Argitaratua: Томск, 1964
Gaiak:
Formatua: Liburua
KOHA link:https://koha.lib.tpu.ru/cgi-bin/koha/opac-detail.pl?biblionumber=179389

MARC

LEADER 00000nbm0a2200000 4500
001 179389
005 20231031170317.0
035 |a (RuTPU)RU\TPU\book\194464 
035 |a RU\TPU\book\194056 
090 |a 179389 
100 |a 20100420d1964 k y0rusy50 ca 
101 0 |a rus 
102 |a RU 
105 |a a p 001zy 
200 1 |a Разработка технологии получения их каменноугольной смолы узких фракций и индивидуальных компонентов  |a Получение опытных партий карбазола, фенантрена и антрацена совмещенными методами ВУХИН, а и ТПИ  |e Отчет о НИР  |e Тема: № 0212  |f Томский политехнический институт (ТПИ) ; руководитель В. П. Лопатинский 
210 |a Томск  |d 1964 
215 |a 5 л. 
610 1 |a отчеты о НИР 
610 1 |a каменноугольные смолы 
610 1 |a узкие фракции 
610 1 |a индивидуальные компоненты 
610 1 |a разработки 
610 1 |a технологии 
610 1 |a Томский политехнический институт 
610 1 |a производные карбазола 
610 1 |a опытные партии 
610 1 |a фенантрен 
610 1 |a антрацен 
675 |a 662.742  |v 3 
702 1 |a Лопатинский  |b В. П.  |c российский химик  |c Заслуженный профессор Томского политехнического университета  |f 1924-1999  |g Вадим Петрович  |2 stltpush  |3 (RuTPU)RU\TPU\pers\19835  |4 673 
712 0 2 |a Томский политехнический институт (ТПИ)  |c (1944-1991)  |2 stltpush  |3 (RuTPU)RU\TPU\col\1123 
801 1 |a RU  |b 63413507  |c 20100414 
801 2 |a RU  |b 63413507  |c 20100420  |g RCR 
942 |c BK